00402 a2200121 4500001001000000005001700010008004100027245010300068100002300171700001900194773005000213999001700263ART_3273520260410161841.0260409a 10aReflexiones acerca del poder tributario y la coparticipación impositiva en el ámbito municipal1 aCaiero, Verónica1 aSchurig, Harry0 tRAPg- Año 37, Nº 443 (ago. 2015)wREV5941 c24074d24074